Top 10 Città più popolose Provincia di Agrigento - Statistics

Statistiche generali
  • Questo quiz è stato fatto 24 volte
  • Il punteggio medio è 6 su 10
Statistiche sulle risposte
Popolazione (ab.) Città % Corretto
58 323 Agrigento
100%
16 841 Porto Empedocle
95%
38 125 Licata
74%
32 972 Favara
63%
40 899 Sciacca
63%
34 863 Canicattì
53%
12 837 Raffadali
53%
19 302 Ribera
42%
12 711 Menfi
26%
23 643 Palma di Montechiaro
16%
Nessun quiz corrispondente trovato
Distribuzione punteggi
Percentuale di utenti per punteggio
Percentile per numero di risposta
I tuoi punteggi nel tempo
Non hai fatto questo quiz